000 00729nam a2200289Ia 4500
005 20260324114800.0
008 008 260324s9999 xx 000 0 eng d
020 _a9781003127826
037 _aEBOOK
040 _aCRL
040 _beng
040 _cCRL
041 _2eng
041 _aeng
084 _qCRL
100 _aGeeta Rana; Shivani Agarwal; Ravindra Sharma
_91152142
245 0 _aEmployer Branding for Competitive Advantage
245 0 _bModels and Implementation Strategies
260 _bTaylor and Francis
260 _c2021
365 _a
365 _b305
856 _uhttp://www.taylorfrancis.com/books/9781003127826
942 _cEBOOK
999 _c1742515
_d1742515